Ecology of bird communities

Αποθηκεύτηκε σε:
Λεπτομέρειες βιβλιογραφικής εγγραφής
Κύριος συγγραφέας: Wiens, John A.
Μορφή: Βιβλίο
Γλώσσα:English
Δημοσίευση: Cambridge : Cambridge University Press, 1992.
Σειρά:Cambridge studies in ecology
Θέματα:
Ετικέτες: Προσθήκη ετικέτας
Δεν υπάρχουν, Καταχωρήστε ετικέτα πρώτοι!

MARC

LEADER 00000cam a2200000 i 4500
001 1/64405
008 930930s1992 enk| ||| |||| | eng d
020 |a 0521426340  |q (τ. 1)  
020 |a 0521426359  |q (τ. 2)  
035 |a ΛΕΣΒΟΣb10001380  |l 10001380 
035 |a ΛΕΣΒΟΣb10001379 
040 |a GR-MY-UA  |b gre  |e aacr 
041 0 |a eng 
082 0 |a 598.17 
100 1 |a Wiens, John A. 
245 1 0 |a Ecology of bird communities /  |c John A. Wiens.  
260 |a Cambridge :   |b Cambridge University Press,   |c 1992.  
300 |a 2 τ. ;   |c 23 εκ.  
490 1 |a (Cambridge studies in ecology)  
504 |a Περιλαμβάνει βιβλιογραφικές παραπομπές και ευρετήριο.  
505 8 |a Τ. 1. Foundations and patterns -- τ. 2. Processes and variations.  
650 0 0 |a Birds  |x Ecology. 
740 0 |a Foundations and patterns.  
740 0 |a Processes and variations.  
830 0 |a Cambridge studies in ecology 
852 |a INST  |b LESVOS  |e 19930930  |h 598.17 WIE  |p 005100005878  |q 005100005878  |t BK  |y 0  |z τ.1 
852 |a INST  |b LESVOS  |e 19930930  |h 598.17 WIE  |p 005100005879  |q 005100005879  |t BK  |y 0  |z τ.2 
852 |a INST  |b LESVOS  |e 19930930  |h 598.17 WIE  |p 005100005878  |q 005100005878  |t BK  |v τ.1:  |y 0  |z τ.1 
852 |a INST  |b LESVOS  |e 19930930  |h 598.17 WIE  |p 005100005879  |q 005100005879  |t BK  |v τ.2:  |y 0  |z τ.2 
853 |a INST  |b LESVOS  |h 598.17 WIE